Brave - Characters by Picture - Statistics

General Stats
  • This quiz has been taken 28 times
  • The average score is 6 of 13
Answer Stats
Picture Answer % Correct
Merida
100%
King Fergus
71%
The Witch
71%
Queen Elinor
67%
Lord Dingwall
38%
Maudie
38%
The Crow
38%
Wee Dingwall
38%
Lord Macintosh
29%
Lord MacGuffin
24%
Martin
19%
Young MacGuffin
19%
Young Macintosh
19%
No matching quizzes found
Score Distribution
Percent of People with Each Score
Percentile by Number Answered
Your Score History
You have not taken this quiz